| 000 | 00658nam a22001937a 4500 | ||
|---|---|---|---|
| 005 | 20100728115559.0 | ||
| 010 | _aENG-97219 | ||
| 020 |
_a9788191031805 _c800.00 |
||
| 035 | _aENG-80752 | ||
| 037 | _bDBAD/PUB | ||
| 082 | _a921 | ||
| 100 |
_aPant, J.C. _96441 |
||
| 245 |
_aPandit Sriram Sharma Acharya : _cby J.C. Pant _bas i knew him / |
||
| 260 |
_aNew Delhi _bReacha _c2010 |
||
| 270 |
_aUditayan, Manava Bharati Panchsheel Park (South) _bNew Delhi |
||
| 300 |
_axv, 351p.: _bill. _c22cm. (Hb) |
||
| 942 |
_2ddc _cEN _h921 _mPAN |
||
| 999 |
_c38045 _d38045 |
||